Schaum's outline of theory and problems of plane and solid analytic geometry

Gorde:
Xehetasun bibliografikoak
Egile nagusia: Kindle, Joseph H (Egilea)
Formatua: Liburua
Hizkuntza:ingelesa
Argitaratua: Nueva York Schaum 1950
Saila:Schaum's Outline Series
Gaiak:
Etiketak: Etiketa erantsi
Etiketarik gabe, Izan zaitez lehena erregistro honi etiketa jartzen!

MARC

LEADER 00000nam a2200000 a 4500
001 UCV7848
003 CL-VaPUC
008 891114e19500000US |||||||||||||||||eng|d
082 0 4 |a 516.3  |b KIN  |2 21 
100 |a Kindle, Joseph H  |e author  |9 372858 
245 1 0 |a Schaum's outline of theory and problems of plane and solid analytic geometry 
300 |a 150 p 
942 |c BK 
945 |d 19891114 00:00:00 
260 |a Nueva York  |b Schaum  |c 1950 
650 0 |a Geometría analítica   |9 260062 
583 |a last modification  |c 20180314 14:48:52  |k Rodrigo Vera 
490 0 |a Schaum's Outline Series 
999 |c 213459  |d 213457 
952 |0 0  |1 0  |4 0  |6 516_300000000000000_KIN_1950  |7 0  |8 P  |9 195856  |a BIBARQ  |b BIBARQ  |d 2019-11-14  |i 2638533  |o 516.3 KIN 1950  |p 2638533  |r 2025-01-20  |w 2019-11-14  |y BK  |k ARQ